000 01224cam a2200313 a 4500
005 20260322212054.0
008 data
010 _a 91011903
020 _a0689316607 :
_c{dollar}14.95
020 _a9780689316609 :
_c{dollar}14.95
040 _aDLC
_cDLC
_dDLC
042 _alcac
043 _ae-ur-ru
050 0 0 _aGV1788.6.L466
_bM67 1991
082 0 0 _a792.8/0947/453
_220
092 _a792.8 M67 1991
100 1 _aMorris, Ann,
_d1930-
245 1 0 _aOn their toes :
_ba Russian ballet school /
_cAnn Morris & Ken Heyman.
250 _a1st ed.
260 _aNew York :
_bMaxwell Macmillan International,
_aToronto :
_bMaxwell Macmillan Canada ;
_aNew York :
_bMaxwell Macmillan International,
_c1991.
300 _a1 v. :
_bcol. ill. ;
_c27 cm.
520 _aA behind-the-scenes look at the Kirov Ballet Academy, a training school for young dancers in Russia.
610 2 0 _aLeningradskoe akademicheskoe khoreograficheskoe uchilishche im. A. I︠A︡. Vaganovoĭ
_xJuvenile literature.
610 2 1 _aKirov Ballet Academy.
650 0 _aBallet
_xJuvenile literature.
_zSaint Petersburg
_zSaint Petersburg
_xCase studies
_xJuvenile literature.
650 1 _aBallet dancing.
700 1 _aHeyman, Ken,
_eill.
001 data
999 _c1294
_d1294